00422nam a2200121Ia 4500008004100000024005200041082001700093100006900110245003600179260002500215600002700240650003300267250506s9999 xx 000 0 und d a12B-15-EL, 12B-16-EL, 12B-18-EL & 12B-26-EL a667.2072 MOH aMohammad Salman Khan, Shehbaz Tariq, Hassan Ali & Syed Usama Ali 0aAutomatic Road Cleaning Vehicle aKarachi:bUIT,c2012 aElectrical Engineering aBachelor of Engineering (BE)